Jacobo Fucar (Record no. 14478)

MARC details
000 -LEADER
campo de control de longitud fija 00927nam a2200277 i 4500
001 - NÚMERO DE CONTROL
campo de control 14478
003 - IDENTIFICADOR DE NÚMERO DE CONTROL
campo de control ES-MaACL
005 - FECHA Y HORA DE LA ÚLTIMA TRANSACCIÓN
campo de control 20240509163347.0
007 - CAMPO FIJO DE DESCRIPCIÓN FÍSICA--INFORMACIÓN GENERAL
campo de control de longitud fija t|
008 - DATOS DE LONGITUD FIJA--INFORMACIÓN GENERAL
campo de control de longitud fija 990325s1961 sp a |||| |bspa d
080 ## - NÚMERO DE LA CLASIFICACIÓN DECIMAL UNIVERSAL
Número de la Clasificación Decimal Universal 929 Fugger, Jacob
100 1# - ENTRADA PRINCIPAL--NOMBRE DE PERSONA
Nombre de persona Schick, Leon.
9 (RLIN) 104336
245 10 - MENCIÓN DEL TÍTULO
Título Jacobo Fucar
Resto del título : un gran hombre de negocios del siglo XVI /
Mención de responsabilidad, etc. Leon Schick ; traducción del francés por Andre Boyer-Mas ; pórtico a la edición española por Miguel Mateu Pla.
260 ## - PUBLICACIÓN, DISTRIBUCIÓN, ETC.
Lugar de publicación, distribución, etc. Madrid :
Nombre del editor, distribuidor, etc. Aguilar,
Fecha de publicación, distribución, etc. 1961.
300 ## - DESCRIPCIÓN FÍSICA
Extensión XV, 456 p., [1] h. pleg. :
Otras características físicas il. ;
Dimensiones 20 cm.
490 1# - MENCIÓN DE SERIE
Mención de serie Colección literaria
500 ## - NOTA GENERAL
Nota general Índices.
504 ## - NOTA DE BIBLIOGRAFÍA, ETC.
Nota de bibliografía, etc. Bibliografía : p. 443-456.
600 14 - PUNTO DE ACCESO ADICIONAL DE MATERIA--NOMBRE DE PERSONA
Nombre de persona Fugger, Jacob.
9 (RLIN) 52981
700 1# - ENTRADA AGREGADA--NOMBRE PERSONAL
Nombre de persona Boyer-Mas, Andre.
9 (RLIN) 31191
700 1# - ENTRADA AGREGADA--NOMBRE PERSONAL
Nombre de persona Mateu Pla, Miguel.
9 (RLIN) 79005
830 0# - PUNTO DE ACCESO ADICIONAL DE SERIE-TÍTULO UNIFORME
Título uniforme Colección literaria (Aguilar)
9 (RLIN) 236293
852 ## - LOCALIZACIÓN
Ubicación ES-MaACL
Número de control de estantería F-638
942 ## - ELEMENTOS DE ENTRADA SECUNDARIOS (KOHA)
Fuente del sistema de clasificación o colocación Clasificación decimal universal
Holdings
Estatus retirado Estado de pérdida Estado de daño No para préstamo Biblioteca de origen Biblioteca actual Ubicación en estantería Fecha de adquisición Fuente de adquisición Total de préstamos Signatura topográfica completa Código de barras Visto por última vez Precio de reemplazo Tipo de ítem Koha
        Biblioteca del Ateneo de Madrid Biblioteca del Ateneo de Madrid Depósito 2 17/01/2008     F-638 1014726 23/02/2023 23/02/2023 Libro impreso